[Event "Gatineau TORO U1500"]
[Site "Gatineau"]
[Date "2013.06.07"]
[Round "1"]
[White "Cusson, Michel"]
[Black "Amirshadova, Victoria"]
[Result "1-0"]
[WhiteElo "1399"]
[BlackElo "1038"]
[PlyCount "25"]
[EventDate "2013.06.07"]
[EventType "swiss"]
[EventRounds "5"]
[EventCountry "CAN"]
[SourceTitle "EXT 2022"]
[Source "ChessBase"]
[SourceDate "2021.10.06"]
[SourceVersion "1"]
[SourceVersionDate "2021.10.06"]
[SourceQuality "1"]

1. e4 e6 2. d4 d5 3. Nc3 Nc6 4. Nf3 f6 5. Be2 b6 6. 0-0 Bb7 7. Re1 Qd7 8. exd5 Nd8 9. dxe6 Nxe6 10. d5 Qe7 11. Bb5+ c6 12. Rxe6 0-0-0 13. Rxe7 1-0

[Event "North American-ch U12 Girls"]
[Site "Montreal"]
[Date "2010.08.16"]
[Round "2"]
[White "Lu, Roselyn"]
[Black "Amirshadova, Victoria"]
[Result "0-1"]
[WhiteElo "531"]
[BlackElo "619"]
[PlyCount "66"]
[EventDate "2010.08.16"]
[EventType "swiss"]
[EventRounds "7"]
[EventCountry "CAN"]
[SourceTitle "EXT 2013"]
[Source "ChessBase"]
[SourceDate "2012.11.22"]
[SourceVersion "1"]
[SourceVersionDate "2012.11.22"]
[SourceQuality "1"]

1. e4 e5 2. Nf3 Nc6 3. Bc4 Nf6 4. d3 Bc5 5. Be3 Bxe3 6. fxe3 0-0 7. h3 d6 8. 0-0 h6 9. Qe1 g5 10. Qg3 g4 11. hxg4 Nxg4 12. d4 Kh8 13. Re1 Qe7 14. dxe5 dxe5 15. Nh2 Rg8 16. Nxg4 Rxg4 17. Qh3 Rg6 18. Rf1 Bxh3 19. Rf2 Rg7 20. Nc3 Rag8 21. Bf1 Rg3 22. Nd5 Qg5 23. Nf6 Rg6 24. Rd1 Bxg2 25. Rf5 Bxe4+ 26. Kf2 Qxf5+ 27. Ke1 Rxf6 28. Kd2 Qf2+ 29. Kc1 Rd6 30. b3 Rxd1+ 31. Kxd1 Qxc2+ 32. Ke1 Rxe3+ 33. Be2 Qxe2# 0-1